000 nam a22 7a 4500
999 _c8517
_d8517
005 20251126131902.0
008 240808b2025 mx ||||| |||| 00| 0 spa d
040 _aCIDAP
082 _a738
084 _aBV00154
100 _4Yanes, Emma
245 _aLa talavera poblana:
_bherencia viva
260 _bCIDAP,
_c2025
_aCuenca,
300 _a54 páginas
500 _aPresentación dentro del XXVI Curso Interamericano Artesanía+Arte+Diseño. Sostenibilidad en la creación contemporánea.
520 _aCaracterísticas de la técnica de la talavera, cerámica tradicional de Puebla en México: procesos, usos, creaciones, proyectos contemporáneos. Ponencia presentada en el marco del XXVI Curso Interamericano Artesanía+Arte+Diseño. Sostenibilidad en la creación contemporánea, realizado por el CIDAP.
650 _aMÉXICO-CERÁMICA TRADICIONAL
_913125
650 _aTALAVERA-MÉXICO
_913128
650 _aPUEBLA-CERÁMICA DE TALAVERA
_913129
856 _uhttp://documentacion.cidap.gob.ec:8080/handle/cidap/2273
942 _2ddc
_cBV
_zNC